20 jeux de mots = 20 arbres - Statistiques

Statistiques générales
  • Ce quiz a été pris 594 fois
  • Le résultat moyen est 5 sur 20
Statistiques - réponses
Indice Arbre % Correct
Il est bon de s'en libérer Chêne
84%
On ne cesse de lui marcher dessus... Saule
51%
Son bois fait indéniablement les meilleures baguettes Pin
49%
Provoque de graves allergies chez certains syndicalistes Bouleau
40%
Il est au centre d'éternelles questions existentielles Hêtre
38%
Mieux-vaut ne pas le sentir Sapin
33%
Tellement proche... Cyprès
30%
Un arbre très flexible Peuplier
26%
Tout est bon dans le lapin : et pattes, et foie, ... Erable
24%
Un arbre qui fonctionne au ralenti... Frêne
19%
Vous trouverez la réponse à une condition : la mettre en anglais ! If
19%
Son bois flotte nettement moins bien, peu recommandé pour éviter les naufrages... Noyer
17%
Un véritable enchantement Charme
14%
Sous-préfecture de l'Oriège Pommier
8%
Un refuge au bord de la mer Abricotier
6%
Ce qu'on obtient quand une météorite s'écrase sur une étable Platane
6%
Cette pente skiable est vraiment nulle ! J'en deviendrais presque grossier Pistachier
5%
Son bois flotte très bien Sureau
3%
Ce qu'on obtient quand on écime un voilier Marronnier
2%
Très efficace pour détendre l'atmosphère Mélèze
1%
Aucun quiz correspondant
Distribution des résultats
% des personnes avec chaque résultat
Percentile par nombre de réponses
Votre historique - résultats
Vous n’avez pas pris ce quiz